| 000 | 00891nam a2200241Ia 4500 | ||
|---|---|---|---|
| 999 |
_c42361 _d42361 |
||
| 001 | 9057 | ||
| 003 | GE_BSU | ||
| 005 | 20230317100428.0 | ||
| 008 | 181216s2011||||ru |||||||||||||| ||rus|| | ||
| 020 | _a9789292011659 | ||
| 040 | _cGE_BSU | ||
| 041 | _arus | ||
| 080 | _a378 М-15 | ||
| 100 |
_aМаккеи, Ройзин _917219 |
||
| 245 |
_aTempus @ 20. Двадцать лет программе Tempus : _bРетроспективный обзор 1990-2010 / _cРаизин Маккеиб, Филиппе Руффиоб, Пииа Хейнямяки. |
||
| 264 |
_aЛюксембург, _c2011ю |
||
| 300 |
_a55стр.; _b28см. |
||
| 653 | _aTempus | ||
| 653 | _aტემპუსის პროგრამა | ||
| 700 |
_aРуффио, Филиппе _eავტორი _917220 |
||
| 700 |
_aХейнямяки, Пииа _eავტორი _917221 |
||
| 942 |
_cBK _2udc |
||